000 00420nam a2200169Ia 4500
003 GCL
008 140319s9999 xx 000 0 eng d
040 _aGCL /
_cGCL
082 0 4 _a091
_bP B
100 1 _aPETROSYAN, A.
245 1 0 _aDE BAGDAD ISPAHAN /
_cPETROSYAN, A.
260 _a[S.N] :
_bFONDATION ARCH ،
_c1994
300 _a301 P
650 0 4 _aMANUSCRIPTS
650 0 4 _aISLAMIC MANUSCRIPTS
942 _2ddc
_cBK
999 _c15495
_d15495